000 00924cam a22003014a 4500
001 13564540
003 OSt
005 20260402135901.0
008 040420s2005 paua b 001 0 eng
010 _a 2004046835
020 _a0721601871
035 _a(DNLM)101214483
040 _aDNLM/DLC
_cDLC
_dDLC
042 _apcc
050 0 0 _aRB111
_b.R62 2005
060 1 0 _aQZ 4
_bR6354 2005
082 0 0 _a616.07
_222
_bQZ 4 K96r 2005
100 _a[edited by] Vinay Kumar, Abul K. Abbas, Nelson Fausto
_911201
245 0 0 _aRobbins and Cotran pathologic basis of disease.
250 _a7th ed.
260 _aPhiladelphia :
_bElsevier Saunders,
_cc2005.
300 _axv, 1525 p. :
_bcol.ill:
_c29 cm.+
_e1 CD-ROM
504 _aIncludes bibliographical references and index.
650 0 _aPathology.
_937
650 1 2 _aPathologic diseases
_937
906 _a7
_bcbc
_corignew
_d1
_eocip
_f20
_gy-gencatlg
942 _2z
_cSLOAN
999 _c677
_d677